| 000 | 00361nam a2200145Ia 4500 | ||
|---|---|---|---|
| 008 | 211109s9999||||xx |||||||||||||| ||und|| | ||
| 082 |
_a515 _bJAN-E |
||
| 100 | _aJanardhanan Pillai, C P | ||
| 245 | 0 | _aElement of Topology | |
| 260 |
_bAjith Book Centre _aOtapalam _c1993 |
||
| 300 | _a224p | ||
| 630 | _xGENERAL STACK | ||
| 650 | _vMathematics | ||
| 942 | _cBOOK | ||
| 999 |
_c47350 _d47350 |
||